01629nam a2200277 i 4500003000900000005001700009006001900026007000300045008004100048040003000089082001400119100004900133245014800182260002700330264003700357300007400394336002800468337003200496338002800528505054900556590002701105700005701132942001401189952013101203999001701334DO-SdBNP20230801155924.0a||||gr|||| 00| 0 ta230731e1985 dr aoc|| |||| 00| 0 spa d aDO-SdBNPbspacBNPHUerda 4222bF385g1 aFerreras, Ramón Alberto,d193?-199392899010aGuerra Patria:bSanto Domingo 28 de abril 1965, 1ro. de octubre 1966. /cRamón alberto Ferreras; fotomecánica, Apolinar Javier Rodríguez. a2a. edición avanzada aSanto Domingo :bNordeste,c1985 a539, [37] páginasbIlustraciones, fotografías, retratos ;c20 cm. 2rddacontentatextobtxt 2rdamediaasin mediciónbn 2rdacarrieravolumenbnc aDedicatoria.-- Prólogo a la Segunda Edición.-- Prólogo a la Primera Edición.tCarta de Manuel Ramón Montes Arache.-- Los Vacilantes.-- Un Campesino.-- El Padre.-- Prostitutas.-- Un Joven Campesino.-- Abril de 1965.-- Un Soldado del Pueblo.-- El Hombre en el Puente.-- Al Otro Lado del Muro.-- El Asalto al Palacio Nacional.-- Illio Capuci. y los Otros.-- La Insurrección y sus Comienzos.-- Ese muchacho Terrible.-- La Amenaza del Exterminio.-- Interrogatorio al Sargento Luis A. Dalmasí M.-- Veinte Años Después.-- Apédice. aInventariado 2023 / MF1 aRodríguez, Apolinar Javier,efotomecánica983834 2ddccLBS1 00102ddc51708PDaBNPHUbBNPHUcCTd2014-03-11eDonado por Mario Ortízl0oF385gp2023-5066r2023-07-31w2023-07-31yLBS1 c54263d54263